000 00442cam a2200181 4500
001 D13414
008 090401t1897 xxu||||| |||| 00| 0 eng d
035 _a(Sirsi) u9628
041 _aeng
100 _aMerrett, H. S.
245 2 _aA practical treatise on the science of land and engineering surveying
250 _a5th
260 _bE & F N Spon Ltd
_c1897
350 _a0
520 _aShelf 132
942 _n0
948 _c04/03/1997
999 _c86648
_d86648